[Event "Challenge"]
[Site "http://www.queenalice.com/game.php?id=1073978"]
[Date "2012.6.19"]
[Round "-"]
[White "teferi"]
[Black "Phantom"]
[Result "1-0"]
[WhiteElo "1488"]
[BlackElo "1399"]

1. d4 d5 2. e4 Nf6 3. Nc3 c6 4. f3 Nbd7 5. b3 e6 6. Bb2 Nh5 7. g3 Nhf6 8. Qd2
Ng8 9. O-O-O b5 10. Nh3 h6 11. f4 Nb6 12. e5 b4 13. Ne2 a5 14. c3 a4 15. cxb4
axb3 16. axb3 Ra2 17. Nc3 Ra7 18. b5 cxb5 19. Bxb5+ Bd7 20. Bxd7+ Qxd7 21. Qe2
Ba3 22. Nb5 Bxb2+ 23. Kxb2 Ra5 24. Nd6+ Ke7 25. Ra1 Rxa1 26. Rxa1 Nc8 27. Nxc8+
Qxc8 28. Ra7+ Kf8 29. Qb5 g6 30. g4 Qd8 31. Qa6 Qh4 32. f5 Qxh3 33. f6 Qg2+ 34.
Ka3 Qxg4 35. Qc8# 1-0

[Event "Challenge"]
[Site "http://www.queenalice.com/game.php?id=1073979"]
[Date "2012.6.19"]
[Round "-"]
[White "Phantom"]
[Black "teferi"]
[Result "0-1"]
[WhiteElo "1393"]
[BlackElo "1453"]

1. e4 c5 2. Bc4 Nc6 3. c3 g6 4. Qf3 Nf6 5. d3 Bg7 6. Bg5 O-O 7. Bxf6 exf6 8. h4
Ne5 9. Qf4 Nxc4 10. dxc4 h6 11. Nh3 d6 12. h5 g5 13. Qe3 Bxh3 14. gxh3 Qb6 15.
b3 Rae8 16. O-O f5 17. f4 gxf4 18. Qxf4 fxe4 19. Rf2 e3 20. Rg2 e2 21. Qxh6
e1=Q+ 22. Kh2 Qe5+ 23. Kh1 d5 24. Nd2 Qxh6 25. Rag1 Qhxh5 26. Nf3 Qxc3 27. Ng5
Re1 0-1

[Event "Challenge"]
[Site "http://www.queenalice.com/game.php?id=1074531"]
[Date "2012.6.21"]
[Round "-"]
[White "jajerduco"]
[Black "Phantom"]
[Result "1-0"]
[WhiteElo "1374"]
[BlackElo "1256"]

1. d3 e5 2. e4 Bc5 3. Bd2 b6 4. Nf3 f6 5. g3 g5 6. Bg2 Nc6 7. O-O h5 8. c3 h4 9.
g4 d6 10. b4 h3 11. Bh1 1-0

[Event "Challenge"]
[Site "http://www.queenalice.com/game.php?id=1074532"]
[Date "2012.6.21"]
[Round "-"]
[White "Phantom"]
[Black "jajerduco"]
[Result "0-1"]
[WhiteElo "1268"]
[BlackElo "1362"]

1. e4 d6 2. d4 g6 3. Bc4 e6 4. Qf3 Bg7 5. d5 e5 6. h4 Nf6 7. Bg5 Bg4 8. Bxf6
Bxf6 9. Qxg4 h5 10. Qf3 Bxh4 11. g3 Bg5 12. Nh3 a6 0-1

[Event "Challenge"]
[Site "http://www.queenalice.com/game.php?id=1074864"]
[Date "2012.6.22"]
[Round "-"]
[White "teferi"]
[Black "Phantom"]
[Result "1-0"]
[WhiteElo "1598"]
[BlackElo "1402"]

1. d4 d5 2. e4 Be6 3. Nc3 c6 4. f3 Nd7 5. b3 b5 6. a3 a5 7. e5 f5 8. f4 c5 9.
Bxb5 c4 10. Nf3 h6 11. Bxd7+ Qxd7 12. O-O h5 13. Ng5 Nh6 14. Nxe6 Qxe6 15. Qxh5+
Qf7 16. Qxf7+ Nxf7 17. Nxd5 Kd8 18. bxc4 e6 19. Nb6 Rb8 20. Bd2 Ke8 21. c5 Nd8
22. Bxa5 Nc6 23. Nc4 Nxd4 24. Nd6+ Kd7 25. Rfd1 Nxc2 26. Rac1 Ne3 27. c6+ Ke7
28. c7 Ra8 29. Bb4 Nd5 30. Nxf5+ Kf7 31. Nd6+ Ke7 32. Nc8+ 1-0

[Event "Challenge"]
[Site "http://www.queenalice.com/game.php?id=1074865"]
[Date "2012.6.22"]
[Round "-"]
[White "Phantom"]
[Black "teferi"]
[Result "0-1"]
[WhiteElo "1411"]
[BlackElo "1589"]

1. e4 d5 2. e5 c5 3. Bb5+ Bd7 4. Bxd7+ Qxd7 5. d3 Nc6 6. Nf3 Qe6 7. Qe2 h6 8. h4
Qg4 9. Nc3 e6 10. g3 h5 11. Nb5 O-O-O 12. Ng5 Qxe2+ 13. Kxe2 Nxe5 14. Bf4 f6 15.
Nf7 Nxf7 16. Nxa7+ Kd7 17. b4 e5 18. Bd2 Re8 19. a4 cxb4 20. a5 Bc5 21. Nb5 Nd6
22. Nxd6 Kxd6 23. c4 dxc4 24. dxc4 Ne7 25. Rad1 Kc7 26. Be3 Bxe3 27. fxe3 Nf5
28. Rhg1 g5 29. e4 Nd4+ 30. Ke3 g4 31. Rb1 Rd8 32. Rgc1 f5 0-1

[Event "Challenge"]
[Site "http://www.queenalice.com/game.php?id=1075135"]
[Date "2012.6.22"]
[Round "-"]
[White "pj"]
[Black "Phantom"]
[Result "1-0"]
[WhiteElo "1489"]
[BlackElo "1245"]

1. e4 e5 2. c4 Bc5 3. Nh3 f6 4. f4 d6 5. g4 Nh6 6. f5 g5 7. fxg6 hxg6 8. d3 g5
9. a4 a5 10. Nc3 Bb4 11. Bd2 Bxc3 12. Bxc3 Bxg4 13. Qd2 Nc6 14. Nf2 Bf3 15. Rg1
Bh5 16. Be2 Bg6 17. Rg3 Nf7 18. Bg4 Rxh2 19. Rh3 Rxh3 20. Bxh3 Nh6 21. O-O-O Na7
22. Bxa5 b6 23. Bc3 Bh5 24. Rh1 Bg6 25. Bg2 Ng8 26. Ng4 Bf7 27. Rh8 Kd7 28. Qf2
Nc6 29. Nxf6+ Kc8 30. Nxg8 Bxg8 31. Qf5+ Kb7 32. Qg6 Ne7 33. Qf6 Qd7 34. Bh3
Qxa4 35. Kd2 Nc6 36. Bd7 b5 37. Qg7 Bxc4 38. Bc8+ Rxc8 39. Rxc8 Kxc8 40. Qf8+
Kb7 41. dxc4 Qxc4 42. Qf3 b4 43. Qd3 Qxd3+ 44. Kxd3 bxc3 45. bxc3 g4 46. Ke3 1-0

[Event "Challenge"]
[Site "http://www.queenalice.com/game.php?id=1075174"]
[Date "2012.6.23"]
[Round "-"]
[White "pj"]
[Black "Phantom"]
[Result "0-1"]
[WhiteElo "1581"]
[BlackElo "1420"]

1. e4 e5 2. g4 d6 3. b4 a6 4. c4 Nc6 5. a3 Nh6 6. f3 Nd4 7. d3 Bd7 8. h4 Ng8 9.
h5 g5 10. hxg6 fxg6 11. Bb2 Nf6 12. Ne2 Nxf3+ 13. Kf2 Bxg4 14. Bh3 Bh5 15. Bg2
Nxe4+ 16. dxe4 Qf6 17. Rh3 Ng5+ 18. Ke3 Nxh3 19. Bxh3 Bxe2 20. Kxe2 Bh6 21. Nc3
Rf8 22. Nd5 Qf2+ 23. Kd3 Qg3+ 24. Kc2 Kd8 25. Qg4 Rf2+ 26. Kb1 Qxg4 27. Bxg4 Rg2
28. Bh3 Rg3 29. Be6 g5 30. Nf6 b5 31. c5 dxc5 32. Bxe5 Rg2 33. bxc5 Ra7 34. Nxh7
c6 35. Nf6 Re7 36. Bh3 Rf2 37. Ng4 Rf3 38. Nxh6 Rxe5 39. Bg2 Rf2 40. Bh3 Rxe4
41. Ra2 Re1# 0-1